Automation of software modeling and verification / (Record no. 535270)

000 -LEADER
fixed length control field 00577nam a22001697a 4500
020 ## - INTERNATIONAL STANDARD BOOK NUMBER
Qualifying information Hard Cover.
082 ## - DEWEY DECIMAL CLASSIFICATION NUMBER
Classification number 200
100 ## - MAIN ENTRY--PERSONAL NAME
Personal name Sultana, Sidra
245 ## - TITLE STATEMENT
Title Automation of software modeling and verification /
Statement of responsibility, etc. Sidra Sultan.
260 ## - PUBLICATION, DISTRIBUTION, ETC.
Place of publication, distribution, etc. Rawalpindi:
Name of publisher, distributor, etc. MCS NUST,
Date of publication, distribution, etc. 2018.
300 ## - PHYSICAL DESCRIPTION
Extent 121 p. :
Other physical details ill. ;
Dimensions 30,cm.
650 ## - SUBJECT ADDED ENTRY--TOPICAL TERM
Topical term or geographic name entry element Ph. D - Thesis.Computer Software Engineering
700 ## - ADDED ENTRY--PERSONAL NAME
Personal name Supervisor:Dr. Fahim Arif
856 ## - Uniform Resource Identifier
Uniform Resource Identifier <a href="http://10.250.8.41:8080/xmlui/handle/123456789/3721">http://10.250.8.41:8080/xmlui/handle/123456789/3721</a>
942 ## - ADDED ENTRY ELEMENTS (KOHA)
Source of classification or shelving scheme
Koha item type Soft Copy
650 ## - SUBJECT ADDED ENTRY--TOPICAL TERM
-- 124479
700 ## - ADDED ENTRY--PERSONAL NAME
-- 114276
Holdings
Withdrawn status Lost status Source of classification or shelving scheme Damaged status Not for loan Permanent Location Current Location Shelving location Date acquired Full call number Barcode Date last seen Price effective from Koha item type
          Central Library (CL) Central Library (CL) Thesis 09/02/2020 200 CLPT-213 09/02/2020 09/02/2020 Soft Copy
© 2023 Central Library, National University of Sciences and Technology. All Rights Reserved.